| 000 | 01359nam a22003737a 4500 | ||
|---|---|---|---|
| 003 | CHAP | ||
| 005 | 20220329141022.0 | ||
| 008 | 971013s1996 r 00010 d | ||
| 010 | _a61367 | ||
| 011 | _a62339 | ||
| 035 | _a66513 | ||
| 040 | _cCHAP | ||
| 090 | _aTesis | ||
| 100 | 0 | 0 |
_aAvalos Rodríguez, Miguel Angel. _98465 |
| 245 | _aAnálisis descriptivo de algunas características tecnológicas de la madera de Dendropanax arboreus de Campeche | ||
| 260 |
_aChapingo, Méx. : _bEl autor, _c1996 |
||
| 300 |
_a55 h. _b: ilus. ; gráfs. ; anexos |
||
| 502 | _aTesis (Ing. Forestal con Orientación en Silvicultura) -- UACH. División de Ciencias Forestales | ||
| 590 |
_aALEPH _b10 _c20130110 _lUCH01 _h1342 |
||
| 590 |
_aBATCH-UPD _b10 _c20130110 _lUCH01 _h0357 |
||
| 590 |
_aBATCH-UPD _b10 _c20130110 _lUCH01 _h1942 |
||
| 590 |
_aBATCH-UPD _b10 _c20130410 _lUCH01 _h0030 |
||
| 590 |
_aBATCH-UPD _b10 _c20130914 _lUCH01 _h0430 |
||
| 590 |
_aCONVERSION _b10 _c20130109 _lUCH01 _h1333 |
||
| 650 | 1 | 4 |
_aÁrboles _xCampeche. _96576 |
| 650 | 1 | 4 |
_aDendropanax arboreus. _931785 |
| 650 | 1 | 4 |
_aMadera _xEstructura. _969607 |
| 650 | 1 | 4 |
_aPulpa de madera. _993003 |
| 700 | 0 |
_aMartínez Trinidad, Tomás. _972579 |
|
| 901 | _aBK | ||
| 942 | _cFOLL | ||
| 949 |
_bBC _cTES _d-151729 _eTS1 _h29810 _i66513 _si |
||
| 949 |
_bBC _cTES _d33724000624110 _eTS2 _fc.2 _h29810 _i66513 _si |
||
| 999 |
_c61367 _d61367 |
||